Представление документа в формате MARC21

Поле Инд. ПП Название Значение
Тип записи a
Библиографический уровень b
001 Контрольный номер RU/IS/BASE/372952866
005 Дата корректировки 20200630193158.6
008 Кодируемые данные 20111026
084 a Индекс другой классификации/Индекс ББК 67.404.013.11
100 1_ a Автор Винницкий А. В.
q Полное имя Винницкий Андрей Владимирович
245 a Заглавие Проблема участия государства в акционерных обществах и управления ими: правовой аспект
504 a Библиография Лит.: с. 137 - 139. - Примеч.: с. 139 - 142
520 a Аннотация Исследуются актуальные вопросы участия государства в акционерном капитале. Рассматриваются экономико-правовые формы и механизм управления государственными пакетами акций, а также акционерными обществами с государственным участием. Изучаются правовой статус акционерных обществ с косвенным государственным участием, концентрация капитала (создание новых государственных корпораций и вертикально-интегрированных холдинговых компаний. Анализируются особенности управления акционерными обществами со стопроцентным государственным участием.
650 a Основная рубрика гражданское право
a Основная рубрика право
653 a Ключевые слова акционерные общества
a Ключевые слова акционерный капитал
a Ключевые слова вертикально-интегрированные компании
a Ключевые слова государственные корпорации
a Ключевые слова государственный пакет акций
a Ключевые слова государство-акционер
a Ключевые слова доверительное управление
a Ключевые слова концентрация капитала
a Ключевые слова корпорации
a Ключевые слова негосударственные предприятия
a Ключевые слова открытые акционерные общества (ОАО)
a Ключевые слова Россия
a Ключевые слова управление акционерным обществом
a Ключевые слова управление акциями
a Ключевые слова холдинги
773 t Заглавие источника Вопросы государственного и муниципального управления
d Дата издания источника 2009
g Прочая информация № 3. - С. 126 - 136
w Контрольный № источника RU/IS/BASE/309528796
901 t Тип документа b